Screening of phosphorus solubilizing bacteria PSB3 from the soil and study of its antagonism (Record no. 68470)

MARC details
000 -LEADER
fixed length control field 00672nam a2200205Ia 4500
100 ## - MAIN ENTRY--AUTHOR NAME
Personal name Yu Xian-mei
245 #0 - TITLE STATEMENT
Title Screening of phosphorus solubilizing bacteria PSB3 from the soil and study of its antagonism
260 ## - PUBLICATION, DISTRIBUTION, ETC. (IMPRINT)
Name of publisher IRRDB Natural Rubber Conference 2008, 13-15 October 2008, Kuala Lumpur, Malaysia: Abstract of papers
500 ## - GENERAL NOTE
General note Source Year: 2008
650 ## - SUBJECT ADDED ENTRY--TOPICAL TERM
Topical Term Antagonism
650 ## - SUBJECT ADDED ENTRY--TOPICAL TERM
Topical Term Biological enrichment
650 ## - SUBJECT ADDED ENTRY--TOPICAL TERM
Topical Term Phosphorus solubilizing bacteria
650 ## - SUBJECT ADDED ENTRY--TOPICAL TERM
Topical Term Screening
700 ## - ADDED ENTRY--PERSONAL NAME
Personal name 6aWu Wei-huai
700 ## - ADDED ENTRY--PERSONAL NAME
Personal name 6aZheng Fu-cong
700 ## - ADDED ENTRY--PERSONAL NAME
Personal name He Chun-ping
856 ## - ELECTRONIC LOCATION AND ACCESS
Uniform Resource Identifier Abst only
942 ## - ADDED ENTRY ELEMENTS (KOHA)
Koha item type Journals
Holdings
Withdrawn status Lost status Damaged status Not for loan Home library Current library Shelving location Date acquired Koha item type
      Journals RRII Library RRII Library Plant pathology 28/01/2009 Journals